Bez mäsa ku zdraviu /

Hlavní autor: Malá, Barbora
Jazyk: Slovenština
Vydáno: Bratislava : Perfekt, 1991
Témata:
Fyzický popis: 116 s.
Knihy
Uloženo v:
LEADER 00641nam a2200217 a 4500
001 000546547
003 CZ BrMZK
005 20060126111552.0
007 ta
008 000105s1991 xo f slo d
040 |a BOA001  |b cze 
080 |a 641.55(083.12)  |2 MRF 
100 1 |a Malá, Barbora  |7 jx20040217010  |4 aut 
245 1 0 |a Bez mäsa ku zdraviu /  |c Barbora Malá 
260 |a Bratislava :  |b Perfekt,  |c 1991 
300 |a 116 s. 
504 |a Obsahuje bibliografii 
910 |a BOA001  |b 2-0972.558 
964 |a Předpisy kuchařské 
990 |a BK 
996 7 |b 2619346405  |c 2-0972.558  |l MZK  |r Sklad / do 1 hodiny  |n 0  |w 000546547  |u 000010  |a 1  |e BOA001  |j MZK50  |s A